Online Catalogue and eLibrary

Sigaram (Record no. 4319)

MARC details
000 -LEADER
fixed length control field 00396nam a2200145Ia 4500
005 - DATE AND TIME OF LATEST TRANSACTION
control field 20250311080839.0
008 - FIXED-LENGTH DATA ELEMENTS--GENERAL INFORMATION
fixed length control field 240331s9999 xx 000 0 und d
082 ## - DDC Classification
Item Number - Author Mark BAL
Class No. 894
100 ## - MAIN ENTRY--PERSONAL NAME
Personal name Balendran, M
245 #0 - TITLE STATEMENT
Title Sigaram
260 ## - PUBLICATION, DISTRIBUTION, ETC.
Name of publisher, distributor, etc. Chennai
Place of publication, distribution, etc. Geetham Publication
Date of publication, distribution, etc. 2005
300 ## - PHYSICAL DESCRIPTION
Extent (e.g. Volumes, Pages etc.) 304 p .,
500 ## - GENERAL NOTE
General note A Novel about upcountry Peoples life and Importance of Women's Education
942 ## - Koha item type (Biblio)
Koha item type Books in Stacks (Lending)
Holdings
Lost status Damaged status Collection code Home library Current library Shelving location Date acquired Full call number Accession Number Item type
    Lending WERC Library WERC Library Social Science Cupboard 03/31/2024 894.811 BAL 5617 Books in Stacks (Lending)

© WERC Library